Statistiques concernant Personnalités asiatiques célèbres

Cliquez ici pour prendre le quiz!

Statistiques générales

  • Ce quiz a été pris 95 fois
  • Le résultat moyen est 10 sur 20

Statistiques - réponses

IndicePersonnalité% Correct
Homme politique et pacifiste indien assassiné en 1948Gandhi
96%
Prophète fondateur de l'IslamMahomet
91%
Grand dirigeant fondateur de l'Empire mongolGengis Khan
83%
Philosophe chinois dont le nom fut latinisé par les JésuitesConfucius
79%
Empereur du Japon pendant la Seconde Guerre MondialeHirohito
76%
Dirigeant du Viêt Nam qui a joué un rôle majeur dans l'indépendance de son paysHô Chi Minh
72%
Actuel dirigeant suprême de la Corée du NordKim Jong-un
70%
Chef d'état cambodgien, chef des Khmers rougesPol Pot
63%
Acteur chinois spécialiste des arts martiaux,ayant joué dans Rush Hour et Shanghaï KidJackie Chan
57%
Fondateur et premier président de la République de TurquieMustafa Kemal Atatürk
52%
Son enseignement est devenu une religionBouddha
46%
Actuel président de la ChineXi Jinping
44%
Il a fondé le taoïsmeLao Tseu
38%
Guide spirituel de la révolution islamique en Iran en 1979Rouhollah Khomeini
29%
Secrétaire général des Nations Unies de 2007 à 2016Ban Ki-moon
28%
Femme politique birmane prix Nobel de la paix en 1991Aung San Suu Kyi
23%
Il a écrit L'Art de la GuerreSun Tzu
23%
Sultan d'Égypte et de Syrie qui affronte la troisième croisade et reconquiert JerusalemSaladin
17%
Il a conquis Constantinople en 1453Mehmed II
12%
Premier des trois unificateurs du Japon pendant l'ère SengokuOda Nobunaga
2%

Distribution des résultats

Percentile par nombre de réponses

% des personnes avec chaque résultat

Votre développement - résultats

Vous n’avez pas pris ce quiz